000 00727nam a2200289Ia 4500
005 20260324123753.0
008 008 260324s9999 xx 000 0 eng d
020 _a9780203818749
037 _aEBOOK
040 _aCRL
040 _beng
040 _cCRL
041 _2eng
041 _aeng
084 _qCRL
100 _aFranco Amatori; Robert Millward; Pier Angelo Toninelli
_91171587
245 0 _aReappraising State-Owned Enterprise
245 2 _bA Comparison of the UK and Italy
260 _bTaylor and Francis
260 _c2011
365 _a
365 _b255
856 _uhttp://www.taylorfrancis.com/books/9780203818749
942 _cEBOOK
999 _c1765385
_d1765385